Zahraničná politika a klimatické zmeny
Riešenie príčin a dôsledkov klimatickej zmeny je multidimenzionálnym problémom. Pripravenosť štátov spolupracovať v oblasti klimatickej zmeny, vytváranie politických podmienok pre takúto spoluprácu závisí od toho, či je táto problematika integrovaná do cieľov a úloh zahraničnej politiky a v konečnom...
Gespeichert in:
| 1. Verfasser: | |
|---|---|
| Format: | Buchkapitel |
| Sprache: | Slowakisch |
| Schlagworte: | |
| Tags: |
Keine Tags, Fügen Sie das erste Tag hinzu!
|
MARC
| LEADER | 00000naa$a2200000$$$4500 | ||
|---|---|---|---|
| 001 | 0261639 | ||
| 005 | 20240502074151.6 | ||
| 041 | 0 | |a slo | |
| 044 | |a SK | ||
| 245 | 1 | 0 | |a Zahraničná politika a klimatické zmeny |c Milan Kurucz |
| 520 | |a Riešenie príčin a dôsledkov klimatickej zmeny je multidimenzionálnym problémom. Pripravenosť štátov spolupracovať v oblasti klimatickej zmeny, vytváranie politických podmienok pre takúto spoluprácu závisí od toho, či je táto problematika integrovaná do cieľov a úloh zahraničnej politiky a v konečnom dôsledku či je identifikovaná ako súčasť národného záujmu. Tento proces však nie je automatický, ale je viazaný na konšteláciu záujmov sociálnych a politických skupín tak v jednotlivých krajinách, ako aj na medzinárodnej úrovni. Národný záujem a klimatická zmena, a jej bezpečnostná otázka. | ||
| 610 | 2 | 0 | |a politika zahraničná |
| 610 | 2 | 0 | |a zmeny klimatické |
| 610 | 2 | 0 | |a globalizácia |
| 610 | 2 | 0 | |a vzťahy medzinárodné |
| 610 | 2 | 0 | |a prostredie životné |
| 610 | 2 | 0 | |a bezpečnosť environmentálna |
| 610 | 2 | 0 | |a riziko bezpečnostné |
| 610 | 2 | 0 | |a Organizácia spojených národov |
| 100 | 1 | |a Kurucz, Milan, 1954- | |